Environmental organic chemistry : illustrative examples, problems, and case studies /
Guardado en:
| Autor Principal: | |
|---|---|
| Otros Autores: | , |
| Formato: | Libro |
| Idioma: | English |
| Publicado: |
New York :
Wiley,
c1995.
|
| Materias: | |
| Acceso en línea: | Biografía del autor Descripción Tabla de contenido |
| Etiquetas: |
Agregar Etiqueta
Sin Etiquetas, Sea el primero en etiquetar este registro!
|
| LEADER | 01382cam a22003015a 4500 | ||
|---|---|---|---|
| 001 | EIQ.libpla001332 | ||
| 008 | 950213s1995####nyua#####b####001#0#eng#d | ||
| 005 | 20060911174752.0 | ||
| 245 | 1 | 0 | |a Environmental organic chemistry : |b illustrative examples, problems, and case studies / |c René P. Schwarzenbach, Philip M. Gschwend, Dieter M. Imboden. |
| 260 | |a New York : |b Wiley, |c c1995. | ||
| 300 | |a 1 v. (en varias paginaciones) : |b il. ; |c 24 cm. | ||
| 500 | |a "A Wiley-Interscience publication." | ||
| 504 | |a Incluye referencias bibliográficas e índices. | ||
| 020 | |a 0471125881 (acid-free paper) | ||
| 100 | 1 | |a Schwarzenbach, René P., |d 1945- | |
| 700 | 1 | |a Gschwend, P. M. | |
| 700 | 1 | |a Imboden, Dieter M., |d 1943- | |
| 082 | 0 | 0 | |a 628.1/68 |2 20 |
| 650 | 4 | |a Componentes orgánicos |x Aspectos ambientales. | |
| 650 | 4 | |a Componentes orgánicos |x Problemas, ejercicios, etc. | |
| 650 | 4 | |a Organic compounds |x Environmental aspects. | |
| 650 | 4 | |a Organic compounds |x Problems, exercises, etc. | |
| 010 | |a 95007375 | ||
| 040 | |a DLC |c DLC |d AR-BbSID | ||
| 856 | 4 | 2 | |3 Biografía del autor |u http://www.loc.gov/catdir/bios/wiley041/95007375.html |
| 856 | 4 | 2 | |3 Descripción |u http://www.loc.gov/catdir/description/wiley031/95007375.html |
| 856 | 4 | |3 Tabla de contenido |u http://www.loc.gov/catdir/toc/onix02/95007375.html | |
| 859 | |a AR-BbSID |b BIB. PLAPIQUI |h 628.168 |i Sch 96 |p 4830 |t Supl. |v Sup. | ||
